000 01234nam0a22002891 4500
001 RU\INFOCOMM_322\NLR\5000259456
005 20250614080445.0
035 _a(NLR Aleph) 010602025
090 _a10540462
_c10540462
100 _a20130323d1976 |||y0rusy50 ca
101 0 _aeng
102 _aRU
105 _ay z||||
200 1 _aPrinciples of quantitative estimating of petroleum potential
_e[Lecture delivered at the Seminar on modern methods of prospecting and exploration for mineral deposits for experts from the ECA member-countries, Tashkent, USSR, Sept. 1976]
_fN. I. Bouyalov, V. N. Kramarenko, M. Sh. Modelevsky, L. A. Polster
_gMin. of geology of the USSR
210 _aM.
_d1976
215 _a21 с.
_cсхем.
_d21 см
320 _aБиблиогр.: с. 20-21
620 _aМосква
686 _aД453.1-5с
_2rubbk
701 1 _9z01790
_aBujalov
_bN. I.
_gNikolaj Ivanovič
712 1 2 _aSeminar on modern methods of prospecting and exploration for mineral deposits for experts from the ECA member-countries
_eTashkent
_f1976
_4570
790 1 _9z01701
_aBouyalov
_bN. I.
_4070
801 1 _aRU
_bInfocomm
_c20130323
801 0 _aRU
_bINFOCOMM
_gPSBO
852 _aNLR
_jГн01 Д-4/159
942 _cBOOK
980 _aNB